Pays qui possédaient Lisbonne à travers l'histoire - Statistiques

Statistiques générales
  • Ce quiz a été pris 70 fois
  • Le résultat moyen est 7 sur 15
Statistiques - réponses
Période Pays % Correct
1255 - Aujourd'hui Portugal
98%
1815 - 1822/1825 Royaume-Uni du Portugal, du Brésil et des Algarves
98%
1548 - 1640 Union Ibérique
95%
1807 - 1812 Empire Français
94%
- 29 - 395 Empire Romain
79%
720 - 750 Califat Omeyyade
37%
585 - 720 Royaume des Wisigoth
31%
929 - 1255 Califat de Cordoue
23%
756 - 929 Émirat de Cordoue
23%
-218 -/- 29 République Romaine
23%
750 - 756 Califat Abbasside
21%
-600 -/- 218 Empire Carthaginois
21%
395 - 409 Empire Romain d'Occident
21%
409 - 585 Royaume Suève
8%
-1200 -/- 600 Phénicie
6%
Aucun quiz correspondant
Distribution des résultats
% des personnes avec chaque résultat
Percentile par nombre de réponses
Votre historique - résultats
Vous n’avez pas pris ce quiz